Haiti - Statistics

Estatísticas Gerais
  • Esse quiz foi jogado 2 vezes
  • A pontuação média é 96 de 366
Estatísticas das Respostas
% Correto
a
100%
Com
100%
da
100%
Da
100%
de
100%
De
100%
e
100%
E
100%
é
100%
o
100%
O
100%
que
100%
Que
100%
dia
50%
do
50%
Do
50%
Haiti
50%
hoje
50%
no
50%
Nos
50%
nos
50%
os
50%
Ou
50%
ou
50%
se
50%
Se
50%
sem
50%
50%
você
50%
adoção
0%
adro
0%
alto
0%
Amado
0%
ameaça
0%
ao
0%
aos
0%
apresentar
0%
aqui
0%
atrai
0%
batuque
0%
bloqueio
0%
brancos
0%
Brilhante
0%
camisinha
0%
capital
0%
cardeal
0%
Caribe
0%
Casa
0%
castigados
0%
Cento
0%
chacina
0%
cidadão
0%
como
0%
Como
0%
convidado
0%
Cuba
0%
Dando
0%
dar
0%
defender
0%
democratização
0%
deputado
0%
deslumbra
0%
Diante
0%
disco
0%
disser
0%
dissimulado
0%
educação
0%
Em
0%
em
0%
ensino
0%
épica
0%
eram
0%
escola
0%
escravos
0%
espírito
0%
esquina
0%
esse
0%
estar
0%
estimula
0%
fácil
0%
Fantástico
0%
festa
0%
feto
0%
fila
0%
for
0%
formação
0%
fundação
0%
furar
0%
grandeza
0%
grau
0%
habitual
0%
homem
0%
importa
0%
indefesos
0%
inteiro
0%
inteligente
0%
Jorge
0%
ladrões
0%
largo
0%
Leblon
0%
lente
0%
lixo
0%
Mal
0%
malandros
0%
marginal
0%
mas
0%
meninos
0%
mesmo
0%
mijando
0%
momento
0%
mostrar
0%
mulatos
0%
mundo
0%
na
0%
nada
0%
não
0%
Não
0%
Nem
0%
nenhum
0%
Ninguém
0%
ninguém
0%
Notar
0%
nuca
0%
olhos
0%
Onde
0%
onze
0%
outros
0%
ouvir
0%
pânico
0%
para
0%
parada
0%
pareça
0%
participação
0%
Paul
0%
Paulo
0%
Pelô
0%
pelo
0%
pena
0%
Pense
0%
Plano
0%
pobres
0%
podres
0%
por
0%
porrada
0%
Possam
0%
povo
0%
pra
0%
Pra
0%
presos
0%
pretos
0%
primeiro
0%
pureza
0%
qualquer
0%
Quando
0%
quando
0%
quase
0%
rápido
0%
representar
0%
Reze
0%
rua
0%
sabem
0%
saco
0%
são
0%
São
0%
secundária
0%
silêncio
0%
Simon
0%
sinal
0%
sobrado
0%
sobre
0%
soldados
0%
sorridente
0%
sua
0%
subir
0%
tanto
0%
tão
0%
todos
0%
traço
0%
Tratados
0%
tratados
0%
tratam
0%
trepar
0%
TV
0%
um
0%
uma
0%
uniformizados
0%
0%
0%
velho
0%
venerável
0%
ver
0%
vermelho
0%
vir
0%
volta
0%
voltados
0%
Nenhum quiz correspondente encontrado
Distribuição das Pontuações
Porcentagem de Pessoas com Cada Pontuação
Percentil de Números Respondidos
Sua Pontuação Histórica
Você não jogou esse quiz